[Event "FIDE World Uni Rapid-D 1st"]
[Site "Tornelo INT"]
[Date "2021.03.21"]
[Round "11"]
[White "Gredka, Dominika"]
[Black "Ulziikhishigjargal, Ochirkhuyag"]
[Result "0-1"]
[WhiteElo "1657"]
[BlackElo "2020"]
[PlyCount "34"]
[EventDate "2021.03.20"]
[EventType "swiss (rapid)"]
[EventRounds "12"]
[EventCountry "NET"]
[SourceTitle "EXT 2022"]
[Source "ChessBase"]
[SourceDate "2021.10.06"]
[SourceVersion "1"]
[SourceVersionDate "2021.10.06"]
[SourceQuality "1"]

1. e4 e5 2. Nf3 Nc6 3. Bb5 a6 4. Ba4 Nf6 5. 0-0 b5 6. Bb3 Be7 7. Re1 0-0 8. c3 d5 9. exd5 e4 10. dxc6 exf3 11. Qxf3 Bg4 12. Qe3 Bd6 13. d4 Re8 14. Qd2 Bf4 15. Rxe8+ Qxe8 16. Qd3 Qe1+ 17. Qf1 Bxh2+ 0-1

[Event "FIDE World Uni Rapid-D 1st"]
[Site "Tornelo INT"]
[Date "2021.03.21"]
[Round "10"]
[White "Vernimmen, Pierre"]
[Black "Gredka, Dominika"]
[Result "0-1"]
[WhiteElo "2010"]
[BlackElo "1657"]
[PlyCount "60"]
[EventDate "2021.03.20"]
[EventType "swiss (rapid)"]
[EventRounds "12"]
[EventCountry "NET"]
[SourceTitle "EXT 2022"]
[Source "ChessBase"]
[SourceDate "2021.10.06"]
[SourceVersion "1"]
[SourceVersionDate "2021.10.06"]
[SourceQuality "1"]

1. d4 d5 2. Bf4 e6 3. e3 Nf6 4. c3 Be7 5. Nf3 0-0 6. Bd3 b6 7. Nbd2 Bb7 8. Ne5 Nbd7 9. Qf3 c5 10. Qh3 cxd4 11. exd4 g6 12. Ndf3 Ne4 13. Nd2 Nxd2 14. Bxd2 Nxe5 15. dxe5 d4 16. 0-0-0 dxc3 17. Bxc3 Qc7 18. Kb1 Bd5 19. f3 Rac8 20. Qg3 a5 21. h4 Bb4 22. Bxb4 axb4 23. h5 Bc4 24. Be4 f5 25. Bc2 Bxa2+ 26. Ka1 Ra8 27. Rd2 Bb3+ 28. Kb1 Bxc2+ 29. Rxc2 Ra1+ 30. Kxa1 Qxc2 0-1

[Event "Katowice POL-HUN 6th"]
[Site "Katowice"]
[Date "2018.05.05"]
[Round "1"]
[White "Gredka, Dominika"]
[Black "Bartel, Michal"]
[Result "0-1"]
[WhiteElo "1794"]
[BlackElo "2360"]
[PlyCount "88"]
[EventDate "2018.05.05"]
[EventType "swiss (rapid)"]
[EventRounds "9"]
[EventCountry "POL"]
[SourceTitle "CBM 184 Extra"]
[Source "ChessBase"]
[SourceDate "2018.06.28"]
[SourceVersion "1"]
[SourceVersionDate "2018.06.28"]
[SourceQuality "1"]

1. e4 e5 2. Nf3 Nc6 3. Bb5 g6 4. 0-0 Bg7 5. c3 d6 6. h3 Nge7 7. Re1 0-0 8. d4 Bd7 9. Ba4 h6 10. Be3 Kh7 11. Bc2 Qe8 12. Nbd2 Rd8 13. Nf1 a6 14. Ng3 Bc8 15. Qc1 Ng8 16. Ba4 Bd7 17. Bc2 Qe7 18. Qd2 Rfe8 19. Rad1 Nf6 20. Qc1 Qf8 21. Nh2 d5 22. dxe5 Nxe4 23. Nxe4 dxe4 24. Bxe4 Bxe5 25. Bc2 Bg7 26. Nf3 Bc8 27. Rxd8 Rxd8 28. Bf4 Rd7 29. Ba4 b5 30. Bc2 Ne7 31. Ne5 Rd8 32. Bb3 Nd5 33. Bg3 Bb7 34. c4 Nb4 35. Rd1 Re8 36. Nf3 Re2 37. Rd2 Bxf3 38. gxf3 Rxd2 39. Qxd2 Nc6 40. cxb5 axb5 41. Bxc7 Qc8 42. Bg3 Qxh3 43. Qd5 Nd4 44. Qxf7 Ne2# 0-1

[Event "POL-chT U20 2nd League"]
[Site "Szczyrk"]
[Date "2017.07.29"]
[Round "10.52"]
[White "Trybowska, Barbara"]
[Black "Gredka, Dominika"]
[Result "1/2-1/2"]
[WhiteElo "1797"]
[BlackElo "1621"]
[PlyCount "66"]
[EventDate "2017.07.22"]
[EventType "team-swiss"]
[EventRounds "11"]
[EventCountry "POL"]
[SourceTitle "EXT 2019"]
[Source "ChessBase"]
[SourceDate "2018.10.10"]
[SourceVersion "1"]
[SourceVersionDate "2018.10.10"]
[SourceQuality "1"]

1. e4 c5 2. Nf3 d6 3. Bb5+ Nd7 4. 0-0 Ngf6 5. Re1 e6 6. d4 cxd4 7. Nxd4 Be7 8. Nc3 0-0 9. Be3 Nc5 10. Qf3 a6 11. Bd3 Qc7 12. Rad1 Rb8 13. a3 b5 14. Qg3 Kh8 15. Bd2 Bb7 16. f3 Rbc8 17. Qf2 Rfd8 18. Kh1 Nxd3 19. cxd3 d5 20. e5 Nd7 21. f4 Bc5 22. Be3 Re8 23. Rc1 Qd8 24. Qg3 Bxd4 25. Bxd4 Nc5 26. Bxc5 Rxc5 27. d4 Rc4 28. Qd3 Qb6 29. Red1 Rec8 30. Rb1 a5 31. Ra1 Ba6 32. Qd2 R8c7 33. Rac1 Bc8 1/2-1/2

[Event "POL-chT U20 2nd League"]
[Site "Szczyrk"]
[Date "2017.07.27"]
[Round "8.29"]
[White "Cieslak, Wiktoria"]
[Black "Gredka, Dominika"]
[Result "1-0"]
[WhiteElo "1995"]
[BlackElo "1621"]
[PlyCount "67"]
[EventDate "2017.07.22"]
[EventType "team-swiss"]
[EventRounds "11"]
[EventCountry "POL"]
[SourceTitle "EXT 2019"]
[Source "ChessBase"]
[SourceDate "2018.10.10"]
[SourceVersion "1"]
[SourceVersionDate "2018.10.10"]
[SourceQuality "1"]

1. e4 e5 2. Nf3 d6 3. d4 exd4 4. Nxd4 Nf6 5. Nc3 Be7 6. Bf4 0-0 7. Qd2 c6 8. 0-0-0 b5 9. f3 b4 10. Nce2 a5 11. g4 Qb6 12. Ng3 Rd8 13. h4 a4 14. g5 Ne8 15. h5 b3 16. a3 bxc2 17. Kxc2 d5 18. g6 Nd6 19. e5 Nc4 20. gxf7+ Kxf7 21. Bxc4 dxc4 22. Qc3 Qc5 23. Ne4 Qb6 24. Qxc4+ Kf8 25. Nd6 Bxd6 26. exd6 Ra7 27. h6 g6 28. Be5 Rf7 29. Rh4 Ba6 30. Qc3 Rdd7 31. Re4 Qb7 32. Bg7+ Rxg7 33. hxg7+ Kf7 34. Rf4+ 1-0

[Event "POL-chT U20 2nd League"]
[Site "Szczyrk"]
[Date "2017.07.24"]
[Round "4.35"]
[White "Gredka, Dominika"]
[Black "Pluta, Natalia"]
[Result "1/2-1/2"]
[WhiteElo "1621"]
[BlackElo "1795"]
[PlyCount "82"]
[EventDate "2017.07.22"]
[EventType "team-swiss"]
[EventRounds "11"]
[EventCountry "POL"]
[SourceTitle "EXT 2019"]
[Source "ChessBase"]
[SourceDate "2018.10.10"]
[SourceVersion "1"]
[SourceVersionDate "2018.10.10"]
[SourceQuality "1"]

1. e4 c5 2. c3 d5 3. exd5 Qxd5 4. d4 Nc6 5. Nf3 Bf5 6. Be2 Bxb1 7. Rxb1 cxd4 8. cxd4 e6 9. 0-0 Bd6 10. a3 Nge7 11. b4 0-0 12. Bb2 Rac8 13. Rc1 b5 14. Qd3 a6 15. Nd2 Bf4 16. Rc5 Qd7 17. Ne4 Rfd8 18. Rd1 h6 19. Qf3 Bb8 20. Rh5 Nf5 21. d5 Nce7 22. Qg4 Ng6 23. dxe6 Qxe6 24. Qxf5 Qb3 25. Rxd8+ Rxd8 26. Bc3 Nf4 27. Qg4 Nxh5 28. g3 Re8 29. Bf3 Be5 30. Bxe5 Rxe5 31. Nc5 Qb1+ 32. Kg2 Nf6 33. Qc8+ Re8 34. Qxa6 Qa2 35. Qxb5 Qxa3 36. Nd7 Nxd7 37. Qxd7 Rf8 38. b5 Qc5 39. Bc6 Qb6 40. Qe7 Qd4 41. Qb7 Qd6 1/2-1/2

[Event "POL-chT U20 2nd League"]
[Site "Szczyrk"]
[Date "2017.07.23"]
[Round "2.64"]
[White "Gredka, Dominika"]
[Black "Bakalarczyk, Zuzanna"]
[Result "1/2-1/2"]
[WhiteElo "1621"]
[BlackElo "1363"]
[PlyCount "123"]
[EventDate "2017.07.22"]
[EventType "team-swiss"]
[EventRounds "11"]
[EventCountry "POL"]
[SourceTitle "EXT 2019"]
[Source "ChessBase"]
[SourceDate "2018.10.10"]
[SourceVersion "1"]
[SourceVersionDate "2018.10.10"]
[SourceQuality "1"]

1. e4 e5 2. Nf3 Nf6 3. Nxe5 d6 4. Nf3 Nxe4 5. d4 d5 6. Bd3 Nc6 7. 0-0 Be7 8. Re1 Bf5 9. a3 Qd7 10. Bf4 0-0 11. Nbd2 Nxd2 12. Qxd2 Bxd3 13. Qxd3 Bf6 14. Ng5 Bxg5 15. Bxg5 Rfe8 16. h3 Ne7 17. Bf4 Ng6 18. Bg3 c6 19. Kh2 h6 20. b3 Rxe1 21. Rxe1 Re8 22. Qd2 Rxe1 23. Qxe1 a6 24. Qb4 Ne7 25. Qd2 Ng6 26. a4 Qe6 27. Qb4 Qd7 28. Qc3 Ne7 29. Qd2 Ng6 30. Kh1 Qe7 31. Kg1 Kh8 32. Kh2 Kg8 33. c4 Qd7 34. a5 Nf8 35. f3 Ne6 36. Bf2 Qd6+ 37. Kg1 Qa3 38. cxd5 cxd5 39. Qc3 Qe7 40. Qc8+ Kh7 41. Qc3 Qd7 42. Kh2 Qd6+ 43. Bg3 Qd7 44. Kg1 Kg8 45. Kh1 Kh7 46. Kh2 Kg8 47. Qd3 Qd8 48. Qd2 Qd7 49. Qb4 Kh7 50. Kg1 Kg8 51. Kh1 Kh7 52. Kh2 Kg8 53. Qb6 Kh7 54. Be5 Kh8 55. Qb4 Kg8 56. Qc3 Kh7 57. Qc2+ Kg8 58. Qc3 Kh8 59. Kg1 Kh7 60. Kh1 Kg8 61. Kh2 Kh7 62. Qc2+ 1/2-1/2

[Event "POL-chT U20 2nd League"]
[Site "Szczyrk"]
[Date "2017.07.22"]
[Round "1.77"]
[White "Tryjanska, Kornelia"]
[Black "Gredka, Dominika"]
[Result "0-1"]
[WhiteElo "1315"]
[BlackElo "1621"]
[PlyCount "106"]
[EventDate "2017.07.22"]
[EventType "team-swiss"]
[EventRounds "11"]
[EventCountry "POL"]
[SourceTitle "EXT 2019"]
[Source "ChessBase"]
[SourceDate "2018.10.10"]
[SourceVersion "1"]
[SourceVersionDate "2018.10.10"]
[SourceQuality "1"]

1. e4 e5 2. Nf3 d6 3. Nc3 Nf6 4. d4 exd4 5. Nxd4 Be7 6. Be3 0-0 7. Bc4 c6 8. 0-0 b5 9. Bd3 Re8 10. Qd2 Bb7 11. f4 b4 12. Nd1 c5 13. Nf5 Nxe4 14. Qe1 Bf6 15. c3 Qd7 16. Bxe4 Bxe4 17. Ng3 Qc6 18. Nxe4 Qxe4 19. Rf3 Nc6 20. Nf2 Qf5 21. Qd2 Rad8 22. Rd1 Qe6 23. cxb4 Nxb4 24. a3 Nc6 25. f5 Qc4 26. Bg5 Re2 27. Qf4 Qxf4 28. Bxf4 Bd4 29. Kf1 Rxb2 30. Re1 Kf8 31. Ne4 Ne5 32. Bxe5 dxe5 33. Rh3 Kg8 34. Rg3 g6 35. Nf6+ Kg7 36. Ne4 f6 37. fxg6 hxg6 38. Rf3 f5 39. Ng3 Rdb8 40. Ne2 R8b3 41. Nxd4 exd4 42. Rc1 Rxf3+ 43. gxf3 Rb3 44. Ke2 Re3+ 45. Kf2 Rc3 46. Rb1 Rxa3 47. Rb5 Ra2+ 48. Ke1 Rc2 49. Rb7+ Kf6 50. Rxa7 Rxh2 51. Rc7 Rc2 52. Kd1 d3 53. Rd7 c4 0-1

[Event "Katowice POL-HUN 5th"]
[Site "Katowice"]
[Date "2017.05.20"]
[Round "1"]
[White "Kucza, Karol"]
[Black "Gredka, Dominika"]
[Result "1-0"]
[WhiteElo "2278"]
[BlackElo "1608"]
[PlyCount "70"]
[EventDate "2017.05.20"]
[EventType "swiss (rapid)"]
[EventRounds "9"]
[EventCountry "POL"]
[SourceTitle "CBM 178 Extra"]
[Source "ChessBase"]
[SourceDate "2017.06.22"]
[SourceVersion "1"]
[SourceVersionDate "2017.06.22"]
[SourceQuality "1"]

1. e4 e5 2. Nf3 d6 3. d4 exd4 4. Nxd4 Nf6 5. Nc3 Be7 6. Be2 0-0 7. 0-0 Re8 8. Re1 Nbd7 9. Bf4 Bf8 10. Bf1 Nc5 11. f3 c6 12. Nb3 Ne6 13. Be3 a5 14. a4 Qc7 15. Qd2 Bd7 16. Rad1 Rad8 17. Qf2 c5 18. Nd5 Nxd5 19. exd5 Nd4 20. Nxd4 cxd4 21. Bxd4 Rxe1 22. Rxe1 Rc8 23. c4 Bxa4 24. Bb6 Qd7 25. Re3 Bd1 26. Qd2 Ba4 27. b3 Bxb3 28. Rxb3 a4 29. Ra3 Ra8 30. Bd4 Ra6 31. Bd3 Ra8 32. Qg5 Qe8 33. Kf2 Qe7 34. Qxe7 Bxe7 35. Bc2 Bg5 1-0

[Event "Slask-ch Bak Memorial"]
[Site "Chorzow"]
[Date "2016.09.19"]
[Round "5"]
[White "Smolka, Robert"]
[Black "Gredka, Dominika"]
[Result "0-1"]
[WhiteElo "1362"]
[BlackElo "1633"]
[PlyCount "80"]
[EventDate "2016.09.17"]
[EventType "swiss"]
[EventRounds "9"]
[EventCountry "POL"]
[SourceTitle "EXT 2018"]
[Source "ChessBase"]
[SourceDate "2017.10.13"]
[SourceVersion "1"]
[SourceVersionDate "2017.10.13"]
[SourceQuality "1"]

1. e4 e5 2. Nf3 d6 3. d4 exd4 4. Bc4 Be7 5. c3 Nf6 6. Bg5 dxc3 7. Nxc3 0-0 8. Qc2 h6 9. h4 c6 10. e5 dxe5 11. Bxf6 Bxf6 12. Qg6 Qd7 13. Ne4 Qf5 14. Nxf6+ Qxf6 15. Qxf6 gxf6 16. 0-0-0 Nd7 17. Rd6 Kg7 18. Rhd1 Nc5 19. Nd2 a5 20. Rg1 Be6 21. Bxe6 Nxe6 22. g4 Rad8 23. Ne4 Rxd6 24. Nxd6 b5 25. Ne4 Kg6 26. h5+ Kg7 27. Rd1 Rd8 28. Rxd8 Nxd8 29. Kd2 Ne6 30. Nd6 Nd4 31. Nf5+ Nxf5 32. gxf5 Kf8 33. Kd3 Ke7 34. a3 Kd6 35. f3 Kd5 36. b3 c5 37. Ke3 c4 38. b4 a4 39. Kd2 Kd4 40. Kc2 Ke3 0-1

[Event "Slask-ch Bak Memorial"]
[Site "Chorzow"]
[Date "2016.09.18"]
[Round "4"]
[White "Gredka, Dominika"]
[Black "Hertlein, Irena"]
[Result "1/2-1/2"]
[WhiteElo "1633"]
[BlackElo "1483"]
[PlyCount "119"]
[EventDate "2016.09.17"]
[EventType "swiss"]
[EventRounds "9"]
[EventCountry "POL"]
[SourceTitle "EXT 2018"]
[Source "ChessBase"]
[SourceDate "2017.10.13"]
[SourceVersion "1"]
[SourceVersionDate "2017.10.13"]
[SourceQuality "1"]

1. e4 d5 2. exd5 Qxd5 3. Nc3 Qd6 4. d4 Nf6 5. Nf3 c6 6. Ne5 Nbd7 7. Nc4 Qc7 8. Qf3 Nb6 9. Bf4 Qd8 10. Qd1 Bf5 11. Ne3 Bg6 12. Be2 e6 13. 0-0 Bd6 14. Bg5 Be7 15. Bf3 0-0 16. Ne2 Nbd5 17. c4 Nxe3 18. Bxe3 Qc7 19. h3 Rfd8 20. Qc1 Rac8 21. b3 c5 22. dxc5 Bxc5 23. Bxc5 Qxc5 24. Bxb7 Rc7 25. Bf3 Rcd7 26. Nf4 Be4 27. Qe3 Qxe3 28. fxe3 Rd2 29. Rfd1 Bxf3 30. Rxd2 Rxd2 31. gxf3 Rc2 32. Kf1 Rh2 33. Kg1 Rc2 34. Kf1 Rh2 35. Rd1 Rh1+ 36. Ke2 Rh2+ 37. Ke1 g5 38. Ne2 Rxh3 39. c5 Rh1+ 40. Kd2 Rxd1+ 41. Kxd1 Kf8 42. Nd4 h5 43. b4 Nd5 44. Nc2 Ke8 45. Kd2 Kd7 46. a4 f5 47. b5 g4 48. fxg4 fxg4 49. e4 Nf6 50. Ke3 e5 51. Ne1 h4 52. Nd3 h3 53. Nxe5+ Kc7 54. Nxg4 Nxg4+ 55. Kf3 Nf6 56. e5 Nd7 57. b6+ axb6 58. cxb6+ Nxb6 59. a5 Nc8 60. Kg3 1/2-1/2

[Event "POL-chT U19 2nd League"]
[Site "Iwonicz"]
[Date "2016.07.31"]
[Round "8.35"]
[White "Gredka, Dominika"]
[Black "Kozaczynska, Aleksandra"]
[Result "1/2-1/2"]
[WhiteElo "1687"]
[BlackElo "1683"]
[PlyCount "91"]
[EventDate "2016.07.23"]
[EventType "team-swiss"]
[EventRounds "11"]
[EventCountry "POL"]
[SourceTitle "EXT 2019"]
[Source "ChessBase"]
[SourceDate "2018.10.10"]
[SourceVersion "1"]
[SourceVersionDate "2018.10.10"]
[SourceQuality "1"]
[WhiteTeam "Pszczyna PSSz U19"]
[BlackTeam "Chylice KS Laura U19 II"]
[WhiteTeamCountry "POL"]
[BlackTeamCountry "POL"]

1. e4 c5 2. c3 d5 3. exd5 Qxd5 4. d4 Nc6 5. Nf3 Bf5 6. Na3 0-0-0 7. Be3 e6 8. c4 Qd7 9. dxc5 Qxd1+ 10. Rxd1 Rxd1+ 11. Kxd1 Nf6 12. Nd2 Ng4 13. Nb3 Nxe3+ 14. fxe3 Nb4 15. Kd2 Be7 16. Nb5 Rd8+ 17. Ke2 a6 18. N5d4 Bd3+ 19. Kf2 e5 20. a3 Bxf1 21. Rxf1 Nd3+ 22. Ke2 Nxc5 23. Nxc5 exd4 24. Nd3 f6 25. e4 Bd6 26. g3 Re8 27. Kf3 Kd7 28. b4 Kc6 29. c5 Bf8 30. a4 b6 31. Rc1 b5 32. Ra1 bxa4 33. Rxa4 Kb5 34. Ra5+ Kc4 35. Ke2 Rxe4+ 36. Kd2 Re3 37. Ra3 a5 38. bxa5 Bxc5 39. Ra4+ Kb5 40. Nxc5 Kxc5 41. a6 Re8 42. a7 Ra8 43. Kd3 Kb5 44. Ra2 Kc5 45. Rc2+ Kb6 46. Ke4 1/2-1/2

[Event "POL-chT U19 2nd League"]
[Site "Iwonicz"]
[Date "2016.07.31"]
[Round "2.59"]
[White "Gredka, Dominika"]
[Black "Robakowska, Paulina"]
[Result "1-0"]
[WhiteElo "1687"]
[BlackElo "1341"]
[PlyCount "141"]
[EventDate "2016.07.23"]
[EventType "team-swiss"]
[EventRounds "11"]
[EventCountry "POL"]
[SourceTitle "EXT 2019"]
[Source "ChessBase"]
[SourceDate "2018.10.10"]
[SourceVersion "1"]
[SourceVersionDate "2018.10.10"]
[SourceQuality "1"]
[WhiteTeam "Pszczyna PSSz U19"]
[BlackTeam "Rydultowy Ognisko U19 II"]
[WhiteTeamCountry "POL"]
[BlackTeamCountry "POL"]

1. e4 c5 2. c4 Nc6 3. Nc3 Nf6 4. g3 d6 5. Bg2 g6 6. d3 Bg7 7. Nge2 Nd7 8. 0-0 0-0 9. f4 e6 10. h3 f5 11. Kh2 Kh8 12. Be3 Nf6 13. d4 cxd4 14. Nxd4 Nxd4 15. Bxd4 a6 16. exf5 exf5 17. Qd3 Qc7 18. Rad1 Rd8 19. Na4 Qf7 20. Bb6 Re8 21. Rfe1 Be6 22. b3 Bf8 23. Bd4 Rab8 24. Nb6 Kg8 25. Bc3 Red8 26. Ba5 Re8 27. Bb4 Red8 28. Ba5 Re8 29. Qd4 Be7 30. Re2 Bf8 31. Ree1 Be7 32. Rd2 Bf8 33. Red1 Be7 34. Rd3 Bf8 35. Bc3 Be7 36. Nd5 Rf8 37. Nxe7+ Qxe7 38. Qxd6 Qf7 39. R3d2 Nh5 40. Qe5 Ng7 41. Re1 Rfe8 42. Qxg7+ Qxg7 43. Bxg7 Kxg7 44. Rde2 Kf7 45. Rxe6 Rxe6 46. Bd5 Rbe8 47. Rxe6 Rxe6 48. Kg2 Ke7 49. Bxe6 Kxe6 50. Kf3 Kd6 51. b4 b6 52. Ke3 a5 53. a3 a4 54. Kd4 h5 55. c5+ Kc6 56. cxb6 Kxb6 57. Kc4 Kc6 58. b5+ Kb7 59. Kb4 Ka7 60. Kxa4 Kb6 61. Kb4 Kb7 62. a4 Ka7 63. a5 Kb7 64. Kc5 Kc7 65. a6 Kb8 66. Kc6 Ka8 67. Kc7 g5 68. b6 gxf4 69. b7+ Ka7 70. b8Q+ Kxa6 71. Qb6# 1-0

[Event "POL-ch U16 Girls"]
[Site "Szklarska Poreba"]
[Date "2016.03.20"]
[Round "9"]
[White "Trybowska, Barbara"]
[Black "Gredka, Dominika"]
[Result "1-0"]
[WhiteElo "1536"]
[BlackElo "1690"]
[PlyCount "61"]
[EventDate "2016.03.13"]
[EventType "swiss"]
[EventRounds "9"]
[EventCountry "POL"]
[SourceTitle "EXT 2018"]
[Source "ChessBase"]
[SourceDate "2017.10.13"]
[SourceVersion "1"]
[SourceVersionDate "2017.10.13"]
[SourceQuality "1"]

1. e4 e5 2. Nf3 d6 3. Nc3 Nf6 4. h3 Be7 5. Bc4 0-0 6. d3 h6 7. 0-0 c6 8. Re1 a5 9. a4 Qc7 10. d4 exd4 11. Nxd4 Re8 12. Bf4 Bf8 13. Qf3 Nbd7 14. Nf5 Ne5 15. Bxe5 dxe5 16. Nxh6+ gxh6 17. Qxf6 Bg7 18. Qf3 Be6 19. Bxe6 Rxe6 20. Rad1 Rf6 21. Qe3 Re8 22. Rd3 Kh7 23. Red1 Rg8 24. Rd7 Qc8 25. Qb6 Bf8 26. Kf1 Qe8 27. Qb3 Bc5 28. f3 Rxg2 29. R1d2 Rg1+ 30. Ke2 Qg8 31. Kd3 1-0

[Event "POL-ch U16 Girls"]
[Site "Szklarska Poreba"]
[Date "2016.03.18"]
[Round "7"]
[White "Gredka, Dominika"]
[Black "Karykowska, Anna"]
[Result "0-1"]
[WhiteElo "1690"]
[BlackElo "1832"]
[PlyCount "70"]
[EventDate "2016.03.13"]
[EventType "swiss"]
[EventRounds "9"]
[EventCountry "POL"]
[SourceTitle "EXT 2018"]
[Source "ChessBase"]
[SourceDate "2017.10.13"]
[SourceVersion "1"]
[SourceVersionDate "2017.10.13"]
[SourceQuality "1"]

1. e4 c5 2. c3 d5 3. exd5 Qxd5 4. d4 Nf6 5. Nf3 e6 6. Be2 Be7 7. 0-0 0-0 8. Nbd2 Nc6 9. Nc4 cxd4 10. Nxd4 Rd8 11. Be3 Bd7 12. Nxc6 Bxc6 13. Qxd5 Nxd5 14. Bc1 Bf6 15. Na5 Rac8 16. Nxc6 Rxc6 17. Rb1 Rcd6 18. a3 b6 19. c4 Ne7 20. g4 Bd4 21. b4 e5 22. Bb2 Ng6 23. Rfd1 Nf4 24. Bf1 Bxf2+ 25. Kxf2 Rxd1 26. Rxd1 Rxd1 27. Bxe5 Nd3+ 28. Bxd3 Rxd3 29. c5 f6 30. Bd6 bxc5 31. bxc5 Rxa3 32. c6 Rc3 33. c7 Kf7 34. Ke2 Ke6 35. Bg3 Kd7 0-1

[Event "POL-chT U19 2nd League"]
[Site "Iwonicz"]
[Date "2015.08.01"]
[Round "6.96"]
[White "Gredka, Dominika"]
[Black "Nowacka, Dorota"]
[Result "1/2-1/2"]
[WhiteElo "1458"]
[BlackElo "1320"]
[PlyCount "99"]
[EventDate "2015.07.25"]
[EventType "team-swiss"]
[EventRounds "11"]
[EventCountry "POL"]
[SourceTitle "EXT 2019"]
[Source "ChessBase"]
[SourceDate "2018.10.10"]
[SourceVersion "1"]
[SourceVersionDate "2018.10.10"]
[SourceQuality "1"]
[WhiteTeam "Chorzow ChTS U19"]
[BlackTeam "Zielonka Zieloni U19"]
[WhiteTeamCountry "POL"]
[BlackTeamCountry "POL"]

1. e4 e6 2. d4 d5 3. e5 c5 4. c3 Nc6 5. Nf3 Qb6 6. Bd3 f6 7. exf6 Nxf6 8. 0-0 Bd6 9. Re1 0-0 10. b3 Bd7 11. Na3 a6 12. Nc2 Rac8 13. Bg5 h6 14. Bd2 Qc7 15. h3 b5 16. dxc5 Bxc5 17. Qc1 e5 18. Bg6 Ne4 19. Bxe4 dxe4 20. Rxe4 Bxh3 21. b4 Bb6 22. Ne3 Qf7 23. Qd1 Qg6 24. Rh4 Bxe3 25. Rxh3 Bb6 26. Qe2 e4 27. Nd4 Nxd4 28. cxd4 Bxd4 29. Rf1 Rc2 30. Qd1 e3 31. Bxe3 Bxe3 32. Rxe3 Rc4 33. Rg3 Qc6 34. Qb3 Kh8 35. Qb2 Qf6 36. Qb1 Rfc8 37. Rg6 Qc3 38. Rxa6 Rxb4 39. Qf5 Rb2 40. Rd1 Re8 41. Rad6 Rxa2 42. Qxb5 Re1+ 43. Rxe1 Qxe1+ 44. Kh2 Ra8 45. Qf5 Qc1 46. Rg6 Qc7+ 47. g3 Re8 48. Qh5 Qe7 49. Qg4 Qf7 50. Kg2 1/2-1/2

[Event "POL-chT U19 2nd League"]
[Site "Iwonicz"]
[Date "2015.08.01"]
[Round "10.95"]
[White "Kaszok, Weronika"]
[Black "Gredka, Dominika"]
[Result "0-1"]
[WhiteElo "1390"]
[BlackElo "1458"]
[PlyCount "66"]
[EventDate "2015.07.25"]
[EventType "team-swiss"]
[EventRounds "11"]
[EventCountry "POL"]
[SourceTitle "EXT 2019"]
[Source "ChessBase"]
[SourceDate "2018.10.10"]
[SourceVersion "1"]
[SourceVersionDate "2018.10.10"]
[SourceQuality "1"]
[WhiteTeam "Pszczyna PSSz U19"]
[BlackTeam "Chorzow ChTS U19"]
[WhiteTeamCountry "POL"]
[BlackTeamCountry "POL"]

1. e4 c5 2. Nf3 d6 3. d4 cxd4 4. Nxd4 Nf6 5. Nc3 a6 6. Be3 e5 7. Nb3 Be6 8. Qd2 Be7 9. Be2 0-0 10. f3 Nbd7 11. g4 Nb6 12. h4 Nc4 13. Bxc4 Bxc4 14. h5 d5 15. g5 d4 16. gxf6 Bxf6 17. Bf2 Bg5 18. Qd1 dxc3 19. bxc3 Qc7 20. Bh4 Bxh4+ 21. Rxh4 Bxb3 22. cxb3 Qxc3+ 23. Kf1 Rad8 24. Qe1 Qxf3+ 25. Kg1 Rd6 26. Rh2 Qg4+ 27. Rg2 Qxh5 28. Rh2 Rg6+ 29. Rg2 Rxg2+ 30. Kxg2 Qg5+ 31. Qg3 Qxg3+ 32. Kxg3 f5 33. exf5 Rxf5 0-1

[Event "POL-chT U19 2nd League"]
[Site "Iwonicz"]
[Date "2015.08.01"]
[Round "3.107"]
[White "Kedzierska, Lidia"]
[Black "Gredka, Dominika"]
[Result "0-1"]
[WhiteElo "1308"]
[BlackElo "1458"]
[PlyCount "76"]
[EventDate "2015.07.25"]
[EventType "team-swiss"]
[EventRounds "11"]
[EventCountry "POL"]
[SourceTitle "EXT 2019"]
[Source "ChessBase"]
[SourceDate "2018.10.10"]
[SourceVersion "1"]
[SourceVersionDate "2018.10.10"]
[SourceQuality "1"]
[WhiteTeam "Wloszakowice UKS ZSO U19"]
[BlackTeam "Chorzow ChTS U19"]
[WhiteTeamCountry "POL"]
[BlackTeamCountry "POL"]

1. e4 c5 2. Nf3 d6 3. Bc4 e6 4. d4 cxd4 5. Nxd4 Nf6 6. f3 Be7 7. Nc3 0-0 8. Be3 a6 9. a3 Qc7 10. Ba2 b5 11. 0-0 Nc6 12. Nxc6 Qxc6 13. Qd2 Bb7 14. Rfd1 Rfd8 15. Ne2 Qc7 16. Rac1 Rac8 17. c4 bxc4 18. Bxc4 Qb8 19. Rc3 d5 20. exd5 Bxd5 21. Bxd5 Rxd5 22. Rd3 Rcd8 23. Qc2 Bd6 24. h3 Be5 25. Nc3 Rxd3 26. Rxd3 Rc8 27. Qe2 h6 28. Bd4 Bf4 29. Be3 Be5 30. Bd4 Bf4 31. Be3 Bh2+ 32. Kf1 a5 33. Ke1 Bd6 34. Rd4 Bg3+ 35. Bf2 Be5 36. Ra4 Rxc3 37. bxc3 Qb1+ 38. Qd1 Bxc3+ 0-1

[Event "POL-ch U14 Girls"]
[Site "Suwalki"]
[Date "2015.04.13"]
[Round "8"]
[White "Raczykowska, Paulina"]
[Black "Gredka, Dominika"]
[Result "1-0"]
[WhiteElo "1531"]
[BlackElo "1414"]
[PlyCount "77"]
[EventDate "2015.04.08"]
[EventType "swiss"]
[EventRounds "9"]
[EventCountry "POL"]
[SourceTitle "EXT 2017"]
[Source "ChessBase"]
[SourceDate "2016.10.25"]
[SourceVersion "1"]
[SourceVersionDate "2016.10.25"]
[SourceQuality "1"]

1. e4 c5 2. Nf3 d6 3. d4 cxd4 4. Nxd4 Nf6 5. Nc3 a6 6. a4 e5 7. Nf3 Qc7 8. Be2 Be7 9. 0-0 h6 10. h3 0-0 11. Be3 Be6 12. a5 Nbd7 13. Nh2 Nc5 14. f3 b6 15. axb6 Qxb6 16. Na4 Qb7 17. Nxc5 dxc5 18. Qd2 Rfd8 19. Qc3 Nd7 20. b3 f6 21. Bc4 Qc6 22. Bxe6+ Qxe6 23. Rfd1 Kh8 24. Nf1 Rdc8 25. Nd2 Nb6 26. Kh1 Qc6 27. Nc4 Nxc4 28. Qxc4 Kh7 29. Ra5 Qb6 30. Ra4 Bf8 31. Rd7 Qb5 32. Qe6 Rc6 33. Qf5+ Kg8 34. Bxh6 Rac8 35. Bxg7 R6c7 36. Rxc7 Rxc7 37. Bxf8 Kxf8 38. Qxf6+ Kg8 39. Qd8+ 1-0

[Event "POL-ch U14 Girls"]
[Site "Suwalki"]
[Date "2015.04.08"]
[Round "1"]
[White "Gredka, Dominika"]
[Black "Frej, Zofia"]
[Result "0-1"]
[WhiteElo "1414"]
[BlackElo "1854"]
[PlyCount "56"]
[EventDate "2015.04.08"]
[EventType "swiss"]
[EventRounds "9"]
[EventCountry "POL"]
[SourceTitle "EXT 2017"]
[Source "ChessBase"]
[SourceDate "2016.10.25"]
[SourceVersion "1"]
[SourceVersionDate "2016.10.25"]
[SourceQuality "1"]

1. e4 c5 2. Nf3 Nc6 3. d4 cxd4 4. Nxd4 g6 5. c4 Nf6 6. Nc3 Nxd4 7. Qxd4 d6 8. f3 Bg7 9. Be3 0-0 10. Qd2 b6 11. Be2 Bb7 12. Rc1 Nd7 13. 0-0 a5 14. b3 Nc5 15. Rfd1 Bc6 16. Nd5 Rc8 17. Bg5 Re8 18. Bf1 Ne6 19. Be3 Nc5 20. Bg5 Bxd5 21. cxd5 Qd7 22. Be3 Rf8 23. Bd4 Bxd4+ 24. Qxd4 b5 25. b4 axb4 26. Qxb4 Rb8 27. Rb1 Qa7 28. Rd2 Nd3+ 0-1